000 00786cam a2200205 i 4500
005 20251203120150.0
008 250721s2004 jo gr 000 0 ara d
082 1 4 _a214.2
_b ذ ي ا
100 1 _aذياب، أمين نايف
_eمؤلف.
245 1 0 _aالله عالم لا يجهل :
_bقراءة تفصيلية لفكرة أن الله عالم لا يجهل /
_cتاليف امين نايف ذياب.
264 3 1 _aعمان :
_bقراءات للنشر و التوزيع،
_c2004.
300 _a72صفحه.
490 0 _aرسائل جدل الأفكار
_v الرقم 2.
650 1 7 _aالإلهيات.
650 1 7 _aالله.
650 1 7 _aالعقيدة الدينية.
830 0 _aرسائل جدل الأفكار
942 _2ddc
_cBK
999 _c91997
_d91997